| 000 | 00543nam a2200217Ia 4500 | ||
|---|---|---|---|
| 003 | OSt | ||
| 005 | 20221005125339.0 | ||
| 006 | a|||||r|||| 00| 0 | ||
| 007 | ta | ||
| 008 | 221004b |||||||| |||| 00| 0 guj d | ||
| 024 | _a46077 | ||
| 037 | _cTextual | ||
| 040 |
_aCRL _cCRL _bguj |
||
| 041 |
_2guj _aguj |
||
| 082 | _aO33,7N09,1, J0 | ||
| 100 |
_aRajaratnam _9224816 |
||
| 245 | 0 | _aParshwanath campu | |
| 650 | _aKANNAD LITERATURE | ||
| 942 |
_hO33,7N09,1, J0 _cTEXL _2cc |
||
| 999 |
_c1053753 _d1053753 |
||